| 000 | 00431nam a2200181Ia 4500 | ||
|---|---|---|---|
| 001 | 20457 | ||
| 005 | 20260306172807.0 | ||
| 008 | 260306t2018||||xx |||||||||||||| ||spa|| | ||
| 041 | _aESP | ||
| 082 |
_a343.285 _bR24A |
||
| 100 |
_aRamos Núñez, Carlos, _eAUT |
||
| 245 | 0 | _aLas constituciones del Perú | |
| 260 | _c2018 | ||
| 300 |
_a684 páginas : _c27 cm. |
||
| 650 | _aGEN | ||
| 654 | _aCDE | ||
| 942 |
_cLIB _dJUS _fJUS _2ddc _n |
||
| 999 |
_c20457 _d20457 |
||